000 00815nam a2200241 a 4500
001 26399
003 CO-ViMGA
008 141112s2004 ck r 000 u spa d
015 _ack - 2011 - xxxx
020 _a9789978397015
040 _aCO-ViMGA
_bspa
_cCO-ViMGA
082 0 4 _aI888.2 E75m
100 1 _aEsopo, ca. 620 - 560 a.C.
_941123
245 1 0 _aMis fábulas de Esopo :
_bincluye evaluaciones y diploma /
_cilustraciones Fredy Badillo Vinueza
260 _a[Bogotá] :
_bCorreo editores,
_cNovoguinsa
300 _a128 p.
490 _aEdición de lujo coleccionable
598 _aNEW - GRAL
650 1 4 _aFábulas griegas
_941124
700 1 _aBadillo Vinueza, Fredy, il.
_941125
942 _2ddc
_cBK
990 _aEditorial Educativa Kingkolor S.A.S 12 vols. (2 ej. de cada uno) 21 19/12/2011 n a798388
999 _c9941
_d9941